Behavioral, social and emotional assessment of children and adolescents (Record no. 1399823)

MARC details
000 -LEADER
fixed length control field 00669nam a2200217Ia 4500
005 - DATE AND TIME OF LATEST TRANSACTION
control field 20250508170219.0
008 - FIXED-LENGTH DATA ELEMENTS--GENERAL INFORMATION
fixed length control field 008 250505s9999 xx 000 0 eng d
020 ## - INTERNATIONAL STANDARD BOOK NUMBER
International Standard Book Number 1-85346-628-X
037 ## - SOURCE OF ACQUISITION
Stock number TextBook
040 ## - CATALOGING SOURCE
Original cataloging agency FEDL
Language of cataloging eng
Transcribing agency FEDL
041 ## - LANGUAGE CODE
Language code of text/sound track or separate title eng
Source of code eng
084 ## - COLON CLASSIFICATION NUMBER
Classification number 155.402 87, MER/R
Assigning agency FEDL
100 ## - MAIN ENTRY--PERSONAL NAME
Personal name Merrell Kenneth W
9 (RLIN) 783472
245 #0 - TITLE STATEMENT
Title Behavioral, social and emotional assessment of children and adolescents
250 ## - EDITION STATEMENT
Edition statement 3
260 ## - PUBLICATION, DISTRIBUTION, ETC.
Place of publication, distribution, etc. New York, USA
Name of publisher, distributor, etc. Lawrence Erlbaum Associates
Date of publication, distribution, etc. 2008
300 ## - PHYSICAL DESCRIPTION
Extent xx, 519p.
546 ## - LANGUAGE NOTE
Language note Gifted by Prof. Sailaja Chennat
942 ## - ADDED ENTRY ELEMENTS (KOHA)
Koha item type Textbook
Classification part 155.402 87, MER/R
Holdings
Withdrawn status Lost status Damaged status Not for loan Home library Current library Date acquired Total Checkouts Full call number Barcode Date last seen Price effective from Koha item type
        Department of Education Library Department of Education Library 2025-05-08   155.402 87, MER/R EL0093824 2025-05-08 2025-05-08 Textbook
Copyright @ Delhi University Library System